| 000 | 00597nam a22002057a 4500 | ||
|---|---|---|---|
| 003 | 0 | ||
| 005 | 20241112150647.0 | ||
| 008 | 241112b xxu||||| |||| 00| 0 eng d | ||
| 020 | _a978-0-545-82389-0 | ||
| 082 |
_aFIC _bM398 2001 |
||
| 100 | _aMason, Jane | ||
| 245 |
_aThe legend of sleepy hollow _cJane Mason. |
||
| 260 |
_aNew York : _bScholastic Inc., _cc2001. |
||
| 300 |
_a66 p. ; _c20 cm. |
||
| 440 | _aScholastic junior classics. | ||
| 500 | _aRetold from Washington Irving. | ||
| 650 |
_aGhosts _vFiction |
||
| 650 |
_zNew York (State) _aHistory _y1775-1865 _vFiction |
||
| 942 |
_2ddc _cBK |
||
| 999 |
_c366695 _d366695 |
||